000 00785nam a2200229Ia 4500
003 IN-BaIIA
008 211028s9999 xx 000 0 eng d
020 _a0-8194-3844-8
040 _cIIA Library
080 _a535.8
_bTRI
100 _aTribble, A. C.
_927868
245 0 _aFundamentals of contamination control
_cA. C. Tribble
260 _aWashington
_bThe International Society for Optical Engineering
_c2000
300 _axv, 176p.
490 _aTutorial text series in optical engineering; v. TT44
650 _aContamination control
_927869
650 _aDeposition
_927870
650 _aGeneration
_927871
650 _aSpace vehicles - molecular contamination
_927872
650 _aSurface obscuration
_927873
942 _cBK
999 _c15182
_d15182